Breve historia de Europa / (Record no. 82234)

MARC details
000 -LEADER
campo de control de longitud fija 00892nam a2200265 i 4500
001 - NÚMERO DE CONTROL
campo de control 82234
003 - IDENTIFICADOR DE NÚMERO DE CONTROL
campo de control ES-MaACL
005 - FECHA Y HORA DE LA ÚLTIMA TRANSACCIÓN
campo de control 20250804062601.0
007 - CAMPO FIJO DE DESCRIPCIÓN FÍSICA--INFORMACIÓN GENERAL
campo de control de longitud fija t|
008 - DATOS DE LONGITUD FIJA--INFORMACIÓN GENERAL
campo de control de longitud fija 041202s2004 sp ||||1| spa d
020 ## - NÚMERO INTERNACIONAL ESTÁNDAR DEL LIBRO
Número Internacional Estándar del Libro 84-206-5723-9
080 ## - NÚMERO DE LA CLASIFICACIÓN DECIMAL UNIVERSAL
Número de la Clasificación Decimal Universal 940
245 00 - MENCIÓN DEL TÍTULO
Título Breve historia de Europa /
Mención de responsabilidad, etc. Jean Carpentier y François Lebrun (dirs.) ; en colaboración con J.-P. Arrignon ... [et al.].
250 ## - MENCION DE EDICION
Mención de edición 1ª ed. en Area de conocimiento.
260 ## - PUBLICACIÓN, DISTRIBUCIÓN, ETC.
Lugar de publicación, distribución, etc. Madrid :
Nombre del editor, distribuidor, etc. Alianza Editorial,
Fecha de publicación, distribución, etc. 2004.
300 ## - DESCRIPCIÓN FÍSICA
Extensión 754 p. ;
Dimensiones 17 cm.
490 1# - MENCIÓN DE SERIE
Mención de serie El libro de bolsillo. Humanidades ;
Designación de volumen o secuencia 4225
651 ## - PUNTO DE ACCESO ADICIONAL DE MATERIA--NOMBRE GEOGRÁFICO
Nombre geográfico Europa-
Subdivisión general Historia.
9 (RLIN) 8599
700 1# - ENTRADA AGREGADA--NOMBRE PERSONAL
Nombre de persona Carpentier, Jean.
9 (RLIN) 35444
700 1# - ENTRADA AGREGADA--NOMBRE PERSONAL
Nombre de persona Lebrun, François.
9 (RLIN) 71040
700 1# - ENTRADA AGREGADA--NOMBRE PERSONAL
Nombre de persona Arrignon, J.-P.
9 (RLIN) 23308
830 03 - PUNTO DE ACCESO ADICIONAL DE SERIE-TÍTULO UNIFORME
Título uniforme El libro de bolsillo.
Nombre de parte o sección de la obra Humanidades
Designación de volumen o secuencia 4225
9 (RLIN) 178672
852 ## - LOCALIZACIÓN
Ubicación ES-MaACL
Número de control de estantería L-28573
Sublocalización o colección R.134164
Holdings
Estatus retirado Estado de pérdida Estado de daño No para préstamo Biblioteca de origen Biblioteca actual Ubicación en estantería Fecha de adquisición Fuente de adquisición Total de préstamos Signatura topográfica completa Código de barras Visto por última vez Precio de reemplazo Tipo de ítem Koha
        Biblioteca del Ateneo de Madrid Biblioteca del Ateneo de Madrid Depósito 2 17/01/2008     L-28573 1085946 23/02/2023 23/02/2023 Libro impreso